00419nam a22001577a 4500003000500000005001700005008004100022020001800063040000600081082001500087100003500102245007100137260003500208300000800243650001000251CEME20210628203111.0210120b xxu||||| |||| 00| 0 eng d a969-8957-07-3 c. a382.92 JAW aJawara, Fatoumata, Kwa, Alieen aWto, pas parda ehkaek, banulaqwame tejarate muzakrat ke ehke kahne aLAHOREbSAGE PUBLICATIONc2006 a353 aFAIZA